Les mystérieuses bagues de la momie de Turin /

محفوظ في:

المؤلف الرئيسي: Janot, Francis.

التنسيق: كتاب

اللغة: French

منشور في: Nancy : Presses universitaires de Nancy, c2012.

سلاسل: Pour ainsi dire.

الموضوعات:

الوسوم: إضافة وسم

لا توجد وسوم, كن أول من يضع وسما على هذه التسجيلة!

رقم الطلب: ( P )DT62 .M7 J36 2012

LEADER 00844nam a2200241Ia 4500
003 OSt
005 20240708080756.0
008 121127s2012 fr a b 000 0 fre d
952 |0 0  |1 0  |2 lcc  |4 0  |7 1  |9 43791  |a ARCE  |b ARCE  |d 2022-11-24  |l 0  |o ( P )DT62 .M7 J36 2012  |p 1020912  |r 2022-11-24 00:00:00  |w 2022-11-24  |y BK 
999 |c 50248  |d 50248 
020 |a 9782814301269 (pbk.) 
040 |c ARCE Library 
050 4 |a ( P )DT62 .M7 J36 2012 
100 1 |a Janot, Francis. 
245 1 0 |a Les mystérieuses bagues de la momie de Turin /   |c Francis Janot. 
264 1 |a Nancy :   |b Presses universitaires de Nancy,   |c c2012. 
300 |a 53 p. :   |b ill. ;   |c 21 cm. 
490 0 |a Pour ainsi dire. 
504 |a Includes bibliographical references. 
650 0 |a Mummies -- Egypt. 
650 0 |a Mummies -- Radiography -- Italy -- Turin. 
901 |a reviewed 
942 |2 lcc  |c BK